Biología y patología de la reproducción de los bovinos /
Guardado en:
| Autor Principal: | |
|---|---|
| Formato: | Libro |
| Publicado: |
Buenos Aires :
El Ateneo,
1981
|
| Materias: | |
| Etiquetas: |
Agregar Etiqueta
Sin Etiquetas, Sea el primero en etiquetar este registro!
|
| LEADER | 01274nam a22002055a 4500 | ||
|---|---|---|---|
| 001 | CEM.cems016047 | ||
| 008 | 130507s1981##################000#0#####d | ||
| 005 | 20210908191520.0 | ||
| 003 | CEMS | ||
| 245 | 1 | 0 | |a Biología y patología de la reproducción de los bovinos / |c Jorge E. B. Ostrowski |
| 260 | |a Buenos Aires : |b El Ateneo, |c 1981 | ||
| 300 | |a 114 p. | ||
| 505 | 0 | |a Biología de la reproducción -- Fisiología de la reproducción -- La acción de factores ambientales sobre la reproducción -- La acción de factores genéticos sobre la reproducción -- Patología de la reproducción -- La trascendencia de infertilidad y esterilidad para la producción ganadera -- Los trastornos de la reproducción en la vaca -- Factores congénitos y hereditarios -- Factores ambientales adquiridos -- Enfermedades generales -- Pronoóstico y tratamiento de los trastornos de la reproducción que afectan a la vaca -- Los trastornos de la reproducción en el toro -- El manejo reproductivo del rodeo | |
| 100 | 1 | |a Ostrowski, Jorge E. B. | |
| 082 | 0 | 4 | |a 636.0896 |
| 653 | |a Bovinos | ||
| 653 | |a Bovinos-reproducción | ||
| 653 | |a Veterinaria | ||
| 859 | |a CEMS |b BIB. CEMS - Agricultura |h 636.0896 |i Os79 |p A13645.85 |t Ej.1 | ||
| 859 | |a CEMS |b BIB. CEMS - Agricultura |h 636.0896 |i Os79 |p A1690.12 |t Ej.2 | ||
